| 000 | 00612nam a2200193Ia 4500 | ||
|---|---|---|---|
| 003 | IN-BaIIA | ||
| 008 | 211028s9999 xx 000 0 eng d | ||
| 040 | _cIIA Library | ||
| 080 |
_a523.31-423.3 _bDAR |
||
| 100 | _aDarwin, George Howard | ||
| 245 | 4 |
_aThe tides and kindred phenomena in the solar system _bthe substance of lectures delivered in 1897 at the Lowell institute, Boston, Massachusetts _cGeorge Howard Darwin |
|
| 260 |
_aLondon _bJohn Murray _c1898 |
||
| 300 | _a342p. | ||
| 650 | _aArchives | ||
| 650 |
_aAtmospheric tides _91175 |
||
| 650 | _aSolar system | ||
| 650 |
_aTides _91176 |
||
| 942 | _cBK | ||
| 999 |
_c516 _d516 |
||